Обичам йогата (Запис номер 524824)
[ съкратено ]
| 000 -Лидер | |
|---|---|
| Лидер | 00813nam a2200253 a 4500 |
| 003 - Код на организацията, давaща контролен номер | |
| Код на организацията, даваща контролен номер | BLK |
| 005 - Дата и час на последна редакция | |
| Дата и час на последна редакция | 20250616102843.0 |
| 007 - Фиксирано поле за физическо описани | |
| Физическо описание | ta |
| 008 - Елементи от данни с фиксирана дължина | |
| Елементи с фиксирана дължина | 221104b bu |||||r|||| 00| | bu d |
| 020 ## - Международен стандартен номер на книга ISBN | |
| ISBN | 9786192291037 |
| 040 ## - Източник на каталожния запис | |
| Код на библиотеката | BLK |
| 041 ## - Код за език | |
| Език | Български |
| Език за КДБФ | Български |
| 080 ## - УДК | |
| 9 (RLIN) | 232229 |
| УДК текст | Йога |
| УДК код | 294.527 |
| УДК – определител | -93 |
| УДК – код + определител | 294.527 |
| 084 ## - Класификационен индекс по друга класификация | |
| Авторски знак | Бер - Б 38 |
| 100 ## - Редна дума - Автор | |
| R(LIN) | 496828 |
| Автор | Берк, Езги |
| 245 ## - Сведения за заглавието | |
| Заглавие | Обичам йогата |
| Авторска отговорност | Езги Берк; прев. от тур. Радослава Ненкова |
| 260 ## - Област на издателските данни | |
| 9 (RLIN) | 487273 |
| Място на издаване | София |
| Име на издателя | Ракета |
| Година на издаване | 2024 |
| 300 ## - Физическа характеристика | |
| Брой страници | 64 с. |
| Илюстрации | с ил. |
| Размер | 22 см |
| 380 ## - Жанр | |
| Жанр | Детска отраслова лит. |
| 700 ## - Други автори (авторска отговорност) | |
| 9 (RLIN) | 496829 |
| Друг автор | Ненкова, Радослава |
| 856 ## - Електронен адрес и достъп | |
| Инструкция (цена за достъп) | 0.00 |
| Права за достъп | disable |
| 942 ## - АРТИКУЛИ | |
| Вид на библиотечния документ | Книги |
| Скрит в OPAC | Не |
| Koha issues (borrowed), all copies | 7 |
| 944 ## - СЪЗДАВАНЕ И РЕДАКЦИЯ на ЗАПИСА | |
| Създаване/Редакция | |
| Дата на регистрацията/редакция | Иваничка Йорданова |
| Служител, извършил регистрацията/редакцията | 30551 |
| Номер на служител | Бояна Костадинова |
| 999 ## - СИСТЕМНИ КОНТРОЛНИ НОМЕРА | |
| Koha biblionumber | 524824 |
| Koha biblioitemnumber | 524824 |
| Код за отписване | Код за изгубен артикул | Източник на класификационната схема | Код за повреда | Код за отдаване | Артикулен № | Име на библиотеката - собственик | Име на библиотеката, в която се намира в момента | Статус (Текущо местоположение) | Дата на вписване в системата | Местоположение - отдел | Цена в лева | Инвентарен номер | Систематично азбучна сигнатура | Баркод | Цена в евро | Служебен тип на артикула |
|---|---|---|---|---|---|---|---|---|---|---|---|---|---|---|---|---|
| Не е изгубен | Universal Decimal Classification | Не е повреден | заемане за дома | 958004 | Регионална библиотека "Любен Каравелов" Русе | Регионална библиотека "Любен Каравелов" Русе | Детски отдел | 2025-01-10 | Детски отдел | 14.93 | 120000916717 | ДН 2/Б 38 Е | 120000916717 | 7.63 | Книги | |
| Не е изгубен | Universal Decimal Classification | Не е повреден | заемане за дома | 958005 | Регионална библиотека "Любен Каравелов" Русе | Регионална библиотека "Любен Каравелов" Русе | Детски отдел | 2025-01-10 | Детски отдел | 14.93 | 120000916718 | ДН 2/Б 38 Е | 120000916718 | 7.63 | Книги |